| 000 | 00437nam a2200121Ia 4500 | ||
|---|---|---|---|
| 008 | 220620s9999||||xx |||||||||||||| ||und|| | ||
| 245 | 0 | _aNovel Aspects on Motor Neuron Disease | |
| 546 | _aEnglish[eng] | ||
| 650 | _aNeurology & clinical neurophysiology | ||
| 700 | _aFoyaca Sibat, Humberto||de Fátima Ibañez-Valdés, Lourdes | ||
| 856 | _uhttps://mts.intechopen.com/storage/books/7070/authors_book/authors_book.pdf | ||
| 942 | _cEB | ||
| 999 |
_c26973 _d26973 |
||